Statistics for Photosynthesis - Intermediate

Click here to take the quiz!

General Stats

  • This quiz has been taken 7 times
  • The average score is 3 of 11

Answer Stats

HintAnswer% Correct
Where in the cell does photosynthesis occur?Chloroplast
83%
Which cycle is involved in the second stage of photosynthesis?Calvin Cycle
33%
What type of energy is solar energy converted to in the light reactions?Chemical
33%
What is the primary photosynthetic pigment, used for absorbing sunlight?Chlorophyll a
17%
Which accessory pigment is also used for absorbing light?Chlorophyll b
17%
Which type of photophosphorylation produces only ATP?Cyclic
17%
What event is theorised to have created the photosynthetic organelles?Endosymbiosis
17%
Which type of photophosphorylation produces ATP, NADH, and Oxygen?Non Cyclic
17%
What is the splitting of water molecules called?Photolysis
17%
Which accessory pigments provides photoprotection?Carotenoids
0%
What can be modified to generate more ATP without generating NADH?Photosystem I/PSI
0%

Score Distribution

Percentile by Number Answered

Percent of People with Each Score

Your Score History

You have not taken this quiz